000
00477nam a2200145Ia 4500
008
100204s9999 xx 000 0 und d
082
_b
6540
100
_a
दाभोलकर नरेंद्र्र अच्युत
245
_a
कबड्डी
260
_b
महाराष्ट्र राज्य साहित्य मंडळ
_c
1980
300
_a
160+66
630
_a
कबड्डी
730
_a
कबड्डी
942
_c
BOOK
999
_c
450979
_d
450976